Hac'ı Bektaş' Veli: (Record no. 14933)

MARC details
000 -BAŞLIK
Sabit Uzunlukta Kontrol Alanı 00753nam a22002177a 4500
999 ## - SİSTEM KONTROL NUMARALARI (KOHA)
Koha Biblionumber 14933
Koha Biblioitemnumber 14933
003 - KONTROL NUMARASI IDENTIFIER
Denetim Alanı MIRAKIL
005 - SON İŞLEM TARİHİ VE ZAMANI
Denetim Alanı 20220621155228.0
008 - SABİT-BOY VERİ ELEMANLARI - GENEL BİLGİLER
Sabit Uzunlukta Kontrol Alanı 220621b tu ||||| |||| 00| 0 tur d
020 ## - ULUSLARARASI STANDART KİTAP NUMARASI
Uluslararası Standart Kitap Numarası 9786059507509
040 ## - KATALOGLAMA KAYNAK
Orijinal Kataloglama Ajansı TR-AnCHP
Metne Dönüştürmek Ajansı TR-AnCHP
041 ## - DİL KODU
Metin / Ses Parça Veya Ayrı Başlığın Dil Kodu tur
082 ## - DEWEY ONLU SINIFLANDIRMA NUMARASI
Sınıflandırma Numarası 297. 7525092
Ürün Numarası H21 2022
245 10 - BAŞLIK TABLOSU
Başlık Hac'ı Bektaş' Veli:
Başlığın Kalan Hayatı ve dönemi üzerine metinler/
Sorumluluk Tablosu, Vb Yayına Hazırlayanlar: Bülent Bilmez, Serhat Bozkurt
260 ## - YAYIN, DAĞITIM, VB
Yayın, Dağıtım, Vb Yeri İstanbul:
Yayıncı, Dağıtıcı, Vs Adı İstanbul Büyükşehir Belediyesi,
Yayın, Dağıtım, Vb Tarihi 2022.
300 ## - FİZİKSEL TANIM
Kapsam 343 s.:
Diğer Fiziksel Ayrıntıları res.
Boyutlar 28 sm.
504 ## - KAYNAKÇA VB NOT
Kaynakça Vb Notu Kaynakça vardır.
600 #0 - KONU KATMA GİRİŞ - KURUMSAL ADI
9 (RLIN) 7120
Kişisel Ad Hacı Bektaş-ı Veli,
Bir Adıyla İlişkilendirilen Tarihler 1209-1271
Genel Alt Bölümü Yaşamöyküsü
700 ## - KATMA GİRİŞ - KİŞİSEL İSİM
9 (RLIN) 5829
Kişisel Ad Bilmez, Bülent
Relator Terim yay. haz.
700 ## - KATMA GİRİŞ - KİŞİSEL İSİM
9 (RLIN) 7119
Kişisel Ad Bozkurt, Serhat
Relator Terim yay.haz.
942 ## - EKLENDİ GİRİŞ ELEMANLARI (KOHA)
Sınıflandırma Veya Raf Düzeni Kaynak Dewey Decimal Classification
Koha Öğesi Türü Books
Holdings
Kalıcı Konum Mevcut Konum Edinme Tarihi Toplam Check-Out'Lar Tam Çağrı Numarası Barkod Tarih Son Görülme İtibaren Geçerli Fiyatlar Koha Öğesi Türü
CHP Kütüphanesi CHP Kütüphanesi 06/21/2022   297. 7525092 H21 2022 020463 06/21/2022 06/21/2022 Books